000 01725cam a2200217 4500500
005 20251228060535.0
041 _afre
042 _adc
100 1 0 _aFlouzat-Osmont d’Amilly, Denise
_eauthor
245 0 0 _aL'avenir de la zone euro : questions et hypothèses
260 _c2010.
500 _a11
520 _aLa sortie de crise tourne en Europe en crise de la sortie. Ceci, pour au moins deux raisons : les déséquilibres du système monétaire international et, dans la zone euro, les contradictions entre les différentes politiques nationales. Pour cette zone euro, la sortie de la monnaie unique ne constitue pas une hypothèse crédible, non plus que l’intégration budgétaire accélérée. Reste le scénario de la coordination progressive, pour lequel l’accord franco-allemand jouera un rôle central. politique étrangère
520 _aDenise Flouzat-Osmont d’Amilly, The Future of the Euro Area: Questions and Hypotheses In Europe, exiting the crisis has itself become a crisis, for two reasons: imbalances in the international monetary system and in the euro area, along with contradictions in different national policies. Exiting the euro area is not a credible policy for member countries, and nor is accelerated monetary integration. This leaves progressive coordination as the only feasible scenario, in which Franco-German agreement will play a vital role.
690 _aCrise financière
690 _aEurozone
690 _aPolitiques budgétaires
690 _aUnion européenne
786 0 _nPolitique étrangère | Autome | 3 | 2010-09-24 | p. 499-510 | 0032-342X
856 4 1 _uhttps://shs.cairn.info/revue-politique-etrangere-2010-3-page-499?lang=fr&redirect-ssocas=7080
999 _c1587203
_d1587203